00489nam a2200157Ia 4500003000400000005001700004008004100021040001800062041000800080082001500088100004400103245010200147260002200249600003000271650003000301OSt20260326115633.0211028s2008 xx 000 0 und d cAIMIT LIBRARY aeng a658.3 VIJN aVijiay A, Nirmal;P G Aquinas.g60471333 aA study on the impact of training program in the performance of the employees to GCI, Bangalore / bP G Aquinasc2008 aHuman Resource Management aHuman Resource Management